[Event "Mumbai Wealth rating op 4th"]
[Site "Mumbai"]
[Date "2019.01.03"]
[Round "5"]
[White "Barde, Om"]
[Black "Sheikh, Jahan"]
[Result "0-1"]
[WhiteElo "1801"]
[BlackElo "1524"]
[PlyCount "158"]
[EventDate "2018.12.30"]
[EventType "swiss"]
[EventRounds "9"]
[EventCountry "IND"]
[SourceTitle "CBM 188 Extra"]
[Source "ChessBase"]
[SourceDate "2019.02.26"]
[SourceVersion "1"]
[SourceVersionDate "2019.02.26"]
[SourceQuality "1"]

1. e4 g6 2. d4 Bg7 3. c3 d6 4. Bd3 Nf6 5. Bf1 Ng8 6. Bd3 Nf6 7. Bf1 Ng8 8. Bd3 Nf6 9. Bf1 Ng8 10. Bd3 Nf6 11. Bf1 Ng8 12. Bd3 Nf6 13. Bf1 Ng8 14. Bd3 Nf6 15. Ne2 Nc6 16. 0-0 e5 17. d5 Ne7 18. c4 0-0 19. Nbc3 Nh5 20. Nb1 Nf6 21. Nbc3 Nh5 22. Nb1 Nf6 23. Nbc3 Nh5 24. Nb1 Nf6 25. Nbc3 Nh5 26. Nb1 Nf6 27. Nbc3 Nh5 28. Nb1 Nf6 29. Nbc3 Nh5 30. Nb1 Nf6 31. Nbc3 Nh5 32. Nb1 Nf6 33. Nbc3 Nh5 34. Be3 f5 35. f3 f4 36. Bf2 g5 37. Rc1 Nf6 38. Ra1 Nh5 39. Rc1 Nf6 40. c5 Rf7 41. cxd6 cxd6 42. Nb5 Ng6 43. Nbc3 Ne7 44. Nb5 Ng6 45. Nbc3 Ne7 46. Nb5 Ng6 47. Nbc3 Ne7 48. Nb5 Ng6 49. Qc2 Ne8 50. Qd1 Nf6 51. Qc2 Ne8 52. Qd1 Nf6 53. Qc2 Ne8 54. Qd1 Nf6 55. Qc2 Ne8 56. Qd1 Nf6 57. Qc2 Ne8 58. Qd1 Nf6 59. Qc2 Ne8 60. Qd1 Nf6 61. Qc2 Ne8 62. Qd1 Nf6 63. Qc2 Ne8 64. Qd1 Nf6 65. Qc2 Ne8 66. Qd1 Nf6 67. Qc2 Ne8 68. Qd1 Nf6 69. Qc2 Ne8 70. Nxa7 Bd7 71. Nb5 Bc8 72. Na7 Bd7 73. Nb5 Bc8 74. Na7 Bd7 75. Qb3 Bc8 76. Qc2 Bd7 77. Qb3 Bc8 78. Qc2 Bd7 79. Qb3 g4 0-1